000 00483nam a2200157Ia 4500
999 _c20144
_d20144
003 OSt
005 20200702150232.0
008 190216s9999||||xx |||||||||||||| ||und||
040 _coclc
082 _a947.0841
_bFIT/R
100 _aFitzpatrick, Sheila
_93476
245 4 _aThe Russian Revolution 1917-32 /
_cSheila Fitzpatrick
260 _bOxford University Press,
_c1982.
_aNew York:
300 _a104p
942 _cBK
_2ddc
_h947.0841
_iFIT/R
_k947.0841
_mFIT/R